[Event "9.Open Internacional de Sants"]
[Site "Barcelona ESP"]
[Date "2007.08.24"]
[Round "1.1"]
[White "Shengelia, Davit"]
[Black "Viñas Racionero, Josep"]
[Result "1-0"]
[WhiteElo "2572"]
[BlackElo "2072"]
[PlyCount "65"]
[EventDate "2007.08.24"]
[EventType "swiss"]
[EventRounds "10"]
[EventCountry "ESP"]
[Source "lmi"]
[SourceDate "2007.08.24"]

1. d4 f5 2. Nc3 Nf6 3. Bg5 d5 4. Bxf6 exf6 5. e3 Be6 6. Bd3 Nc6 7. a3 Qd7 8.
Nge2 O-O-O 9. b4 g5 10. Na4 f4 11. Nc5 Bxc5 12. bxc5 fxe3 13. fxe3 Bg4 14. h3
Bxe2 15. Bxe2 Rde8 16. Qd3 h5 17. Rb1 Re4 18. O-O g4 19. Qb3 Nd8 20. Bd3 gxh3
21. Bxe4 dxe4 22. Rf2 h4 23. c6 Qg4 24. cxb7+ Kb8 25. Qd5 Qg3 26. Qf5 h2+ 27.
Kh1 Ne6 28. Qxf6 Rg8 29. Qxe6 h3 30. Qxg8+ Qxg8 31. g3 a5 32. a4 Qg7 33. Kxh2
1-0

[Event "9.Open Internacional de Sants"]
[Site "Barcelona ESP"]
[Date "2007.08.24"]
[Round "1.2"]
[White "Del Valle Cirera, Adria"]
[Black "Nijboer, Friso"]
[Result "0-1"]
[WhiteElo "2072"]
[BlackElo "2568"]
[PlyCount "92"]
[EventDate "2007.08.24"]
[EventType "swiss"]
[EventRounds "10"]
[EventCountry "ESP"]
[Source "lmi"]
[SourceDate "2007.08.24"]

1. e4 c5 2. Nf3 Nc6 3. Bb5 e6 4. Bxc6 bxc6 5. d3 Ne7 6. O-O Ng6 7. Ng5 e5 8.
Qh5 Be7 9. f4 Bxg5 10. Qxg5 Qxg5 11. fxg5 Nf8 12. b3 Ne6 13. Be3 Ke7 14. Nd2 d6
15. Nf3 Nd4 16. Nxd4 cxd4 17. Bd2 Be6 18. Rf3 c5 19. a4 Rab8 20. Re1 Rhe8 21.
Bc1 Kd7 22. Ba3 Re7 23. h3 Kc6 24. Kf2 Rf8 25. g4 a6 26. Kg3 Rfe8 27. Rf2 a5
28. Bc1 d5 29. exd5+ Bxd5 30. Bd2 Kb6 31. Rf5 Bc6 32. Bc1 Bd5 33. Bd2 Bc6 34.
Bc1 Bd7 35. Rf2 Bc8 36. Ref1 Rf8 37. Bd2 Bb7 38. Re1 e4 39. dxe4 Rxe4 40. Rxe4
Bxe4 41. Bf4 Re8 42. Re2 Re6 43. Bc1 Bg6 44. Rf2 Re1 45. Bd2 Rg1+ 46. Kh2 Rb1
0-1

[Event "9.Open Internacional de Sants"]
[Site "Barcelona ESP"]
[Date "2007.08.24"]
[Round "1.5"]
[White "Moskalenko, Viktor"]
[Black "Danelia, Mariam"]
[Result "1-0"]
[WhiteElo "2560"]
[BlackElo "2066"]
[PlyCount "57"]
[EventDate "2007.08.24"]
[EventType "swiss"]
[EventRounds "10"]
[EventCountry "ESP"]
[Source "lmi"]
[SourceDate "2007.08.24"]

1. d4 Nf6 2. c4 g6 3. Nc3 d5 4. cxd5 Nxd5 5. Bd2 Bg7 6. e4 Nxc3 7. Bxc3 O-O 8.
Bc4 a6 9. a4 Nd7 10. Nf3 c5 11. d5 Bxc3+ 12. bxc3 Qa5 13. Qc2 b5 14. Be2 Nb6
15. O-O Nxa4 16. Rfc1 Qc7 17. c4 Bd7 18. e5 Rfd8 19. Qe4 Be8 20. Qh4 Kg7 21.
Ra3 h6 22. Re3 Nb6 23. Nd2 bxc4 24. d6 Qb7 25. Rh3 h5 26. Bxh5 Bd7 27. Bf3 Rh8
28. Qxe7 Nd5 29. Bxd5 1-0

[Event "9.Open Internacional de Sants"]
[Site "Barcelona ESP"]
[Date "2007.08.24"]
[Round "1.6"]
[White "Bonnez, Finn"]
[Black "Narciso Dublan, Marc"]
[Result "0-1"]
[WhiteElo "2063"]
[BlackElo "2552"]
[PlyCount "66"]
[EventDate "2007.08.24"]
[EventType "swiss"]
[EventRounds "10"]
[EventCountry "ESP"]
[Source "lmi"]
[SourceDate "2007.08.24"]

1. d4 Nf6 2. Nf3 e6 3. c3 c5 4. Bf4 Nc6 5. e3 Nh5 6. Bg3 Nxg3 7. hxg3 d5 8. Qc2
g6 9. Nbd2 Qd6 10. dxc5 Qxc5 11. Nb3 Qe7 12. Nbd4 Bg7 13. Be2 O-O 14. O-O e5
15. Nxc6 bxc6 16. Rad1 Rd8 17. a3 c5 18. e4 d4 19. Bc4 Bb7 20. Rfe1 Rab8 21. b4
cxb4 22. cxb4 Rbc8 23. Qa2 Rc7 24. Nd2 Rdc8 25. Bd3 Qe8 26. Qb2 Bc6 27. b5 Bd7
28. a4 Bg4 29. f3 Be6 30. Nb1 Bh6 31. b6 axb6 32. Qxb6 Qxa4 33. Qb5 Bb3 0-1

[Event "9.Open Internacional de Sants"]
[Site "Barcelona ESP"]
[Date "2007.08.24"]
[Round "1.7"]
[White "Gonzalez Garcia, Jose"]
[Black "Duggan, Christopher"]
[Result "1-0"]
[WhiteElo "2540"]
[BlackElo "2063"]
[PlyCount "75"]
[EventDate "2007.08.24"]
[EventType "swiss"]
[EventRounds "10"]
[EventCountry "ESP"]
[Source "lmi"]
[SourceDate "2007.08.24"]

1. d4 Nf6 2. c4 e6 3. Nc3 Bb4 4. e3 b6 5. Bd3 Bb7 6. Nf3 O-O 7. O-O d5 8. cxd5
exd5 9. a3 Bd6 10. b4 Nbd7 11. Qb3 c6 12. a4 Qe7 13. Ba3 Rab8 14. Bf5 Rfd8 15.
Rfe1 g6 16. Bh3 c5 17. Nb5 cxb4 18. Nxd6 bxa3 19. Qxa3 Ne4 20. Nxb7 Qxa3 21.
Rxa3 Rxb7 22. Rc1 Nd6 23. Nd2 f5 24. g3 Nf6 25. Bf1 Nfe4 26. Ra2 Kg7 27. Nf3
Rbb8 28. Rc7+ Kg8 29. Ba6 b5 30. axb5 Nxb5 31. Bxb5 Rxb5 32. Raxa7 Rb1+ 33. Kg2
Rb2 34. Rg7+ Kh8 35. Rxh7+ Kg8 36. Rhg7+ Kf8 37. Raf7+ Ke8 38. Ne5 1-0

[Event "9.Open Internacional de Sants"]
[Site "Barcelona ESP"]
[Date "2007.08.24"]
[Round "1.10"]
[White "Walter Travella, German"]
[Black "Marin, Mihail"]
[Result "0-1"]
[WhiteElo "2055"]
[BlackElo "2533"]
[PlyCount "38"]
[EventDate "2007.08.24"]
[EventType "swiss"]
[EventRounds "10"]
[EventCountry "ESP"]
[Source "lmi"]
[SourceDate "2007.08.24"]

1. e4 d6 2. d4 Nf6 3. Nc3 g6 4. f4 Bg7 5. Nf3 O-O 6. Be2 c5 7. dxc5 Qa5 8. O-O
Qxc5+ 9. Kh1 Nc6 10. Nd5 Nxe4 11. Be3 Qa5 12. b4 Qd8 13. b5 Na5 14. Bd4 Nc5 15.
Rb1 b6 16. Bxg7 Kxg7 17. Nd4 Bb7 18. Nf3 e6 19. Ne3 Bxf3 0-1

[Event "9.Open Internacional de Sants"]
[Site "Barcelona ESP"]
[Date "2007.08.24"]
[Round "1.12"]
[White "Sesma Rubio, Patxi"]
[Black "Cuartas, Jaime Alexander"]
[Result "0-1"]
[WhiteElo "2052"]
[BlackElo "2504"]
[PlyCount "76"]
[EventDate "2007.08.24"]
[EventType "swiss"]
[EventRounds "10"]
[EventCountry "ESP"]
[Source "lmi"]
[SourceDate "2007.08.24"]

1. d4 d5 2. c4 c6 3. cxd5 cxd5 4. Nc3 Nf6 5. Bf4 Nc6 6. e3 g6 7. Bd3 Bg7 8.
Nge2 O-O 9. O-O a6 10. Rc1 Nh5 11. Bg5 h6 12. Bh4 Qd6 13. Bb1 b5 14. Bg3 Nxg3
15. hxg3 Bb7 16. Nf4 Na5 17. Nd3 Nc4 18. a4 b4 19. Na2 a5 20. Nc5 Bc8 21. b3
Nb6 22. f4 Nd7 23. Qf3 Nf6 24. f5 Bxf5 25. Bxf5 gxf5 26. Qxf5 Qxg3 27. Rf3 Qg5
28. Rcf1 Qxf5 29. Rxf5 Ng4 30. R1f3 Nxe3 31. R5f4 Nc2 32. Rg3 Kh7 33. Rgg4 f5
34. Rxg7+ Kxg7 35. Ne6+ Kf6 36. Nxf8 Rxf8 37. Nc1 Rg8 38. Nd3 Rg4 0-1

[Event "9.Open Internacional de Sants"]
[Site "Barcelona ESP"]
[Date "2007.08.24"]
[Round "1.13"]
[White "Almeida Quintana, Omar"]
[Black "Sanchez Obregon, Diego"]
[Result "1-0"]
[WhiteElo "2501"]
[BlackElo "2051"]
[PlyCount "44"]
[EventDate "2007.08.24"]
[EventType "swiss"]
[EventRounds "10"]
[EventCountry "ESP"]
[Source "lmi"]
[SourceDate "2007.08.24"]

1. d4 d5 2. Nf3 Nf6 3. c4 c6 4. Nc3 Bf5 5. Qb3 b6 6. Bg5 Ne4 7. Bh4 h6 8. e3 g5
9. Bg3 e6 10. cxd5 Nxg3 11. hxg3 exd5 12. Ne5 Qd6 13. e4 Be6 14. exd5 Bxd5 15.
Nxd5 cxd5 16. Bb5+ Ke7 17. O-O Bg7 18. Rfe1 Bxe5 19. Rxe5+ Kf8 20. Rxd5 Qf6 21.
Rc1 Kg7 22. Rc7 a6 1-0

[Event "9.Open Internacional de Sants"]
[Site "Barcelona ESP"]
[Date "2007.08.24"]
[Round "1.14"]
[White "Romero Moreno, Felix"]
[Black "Bromberger, Stefan"]
[Result "0-1"]
[WhiteElo "2048"]
[BlackElo "2500"]
[PlyCount "73"]
[EventDate "2007.08.24"]
[EventType "swiss"]
[EventRounds "10"]
[EventCountry "ESP"]
[Source "lmi"]
[SourceDate "2007.08.24"]

1. d4 Nf6 2. c4 e6 3. g3 c5 4. d5 exd5 5. cxd5 Bd6 6. Nf3 O-O 7. Nc3 a6 8. a4
Bc7 9. Bg2 d6 10. O-O Nbd7 11. Nd2 Rb8 12. Nde4 Re8 13. Bf4 Nxe4 14. Nxe4 Ne5
15. Qc1 Bf5 16. Nc3 b5 17. axb5 axb5 18. Bxe5 Rxe5 19. f4 Re8 20. e4 Bd7 21. f5
Qf6 22. Ra7 Rbc8 23. Ne2 b4 24. Nf4 Bb5 25. Rf2 Bb6 26. Rb7 Rb8 27. Rxb6 Rxb6
28. Nh5 Qe5 29. Qg5 Ra6 30. h4 Ra1+ 31. Kh2 Rb1 32. Kh3 c4 33. Bf1 h6 34. Qg4
Rxb2 35. Rxb2 Qxb2 36. f6 g6 37. Ng7 0-1

[Event "9.Open Internacional de Sants"]
[Site "Barcelona ESP"]
[Date "2007.08.24"]
[Round "1.15"]
[White "Corrales Jimenez, Fidel"]
[Black "Schroer, Marcel"]
[Result "1/2-1/2"]
[WhiteElo "2499"]
[BlackElo "2048"]
[PlyCount "135"]
[EventDate "2007.08.24"]
[EventType "swiss"]
[EventRounds "10"]
[EventCountry "ESP"]
[Source "lmi"]
[SourceDate "2007.08.24"]

1. e4 e5 2. Nf3 Nc6 3. Bb5 a6 4. Ba4 Nf6 5. O-O Be7 6. Bxc6 dxc6 7. Qe1 Nd7 8.
b3 O-O 9. Bb2 Bf6 10. d4 Re8 11. dxe5 Nxe5 12. Nxe5 Bxe5 13. Bxe5 Rxe5 14. Nd2
Qe7 15. Kh1 Qc5 16. c4 Re7 17. Qe2 Bd7 18. Rae1 Qa3 19. Nb1 Qa5 20. f4 Rae8 21.
Qc2 Bf5 22. Nd2 Qc5 23. Rf3 Qd4 24. Rfe3 Qd6 25. Qc3 Qxf4 26. e5 Rd8 27. Nf3
Red7 28. Qc1 Bg4 29. Ng1 Rd1 30. Qc3 Rxe1 31. Rxe1 Rd2 32. Re4 Qf2 33. Qg3 Qxg3
34. hxg3 Be6 35. Re2 Rxe2 36. Nxe2 Kf8 37. Kg1 Ke7 38. Kf2 Bf5 39. Ke3 c5 40.
Kf4 Ke6 41. g4 Bd3 42. Nc1 Bb1 43. g5 b5 44. cxb5 axb5 45. a4 bxa4 46. bxa4 Kd5
47. a5 Kc6 48. Ne2 Bd3 49. Nc3 Ba6 50. Ke4 Bc4 51. g3 Kb7 52. Na4 Ka6 53. Nxc5+
Kxa5 54. Kd4 Kb5 55. Nd7 Be6 56. Nc5 Bf5 57. Kd5 Kb6 58. Na4+ Kb7 59. Nc3 Bd7
60. Kc5 Kc8 61. Ne2 Kd8 62. Nf4 Ke7 63. Kd5 f6 64. exf6+ gxf6 65. g6 hxg6 66.
Nxg6+ Kf7 67. Nf4 Ke7 68. Ng6+ 1/2-1/2

[Event "9.Open Internacional de Sants"]
[Site "Barcelona ESP"]
[Date "2007.08.24"]
[Round "1.16"]
[White "Ludbrook, Matthew"]
[Black "Fluvia Poyatos, Jordi"]
[Result "0-1"]
[WhiteElo "2046"]
[BlackElo "2495"]
[PlyCount "56"]
[EventDate "2007.08.24"]
[EventType "swiss"]
[EventRounds "10"]
[EventCountry "ESP"]
[Source "lmi"]
[SourceDate "2007.08.24"]

1. e4 d6 2. Nc3 g6 3. d3 Bg7 4. Be3 c6 5. g3 d5 6. d4 Nf6 7. e5 Ng4 8. Bf4 c5
9. Nf3 Nc6 10. Bb5 cxd4 11. Nxd4 Bd7 12. Bxc6 bxc6 13. Qe2 c5 14. Nf3 d4 15.
Ne4 Bc6 16. O-O Qd5 17. Ned2 g5 18. h3 h5 19. c4 dxc3 20. bxc3 gxf4 21. c4 Qe6
22. hxg4 hxg4 23. Nh4 Bxe5 24. Rae1 fxg3 25. Qxe5 Rxh4 26. f3 Rh1+ 27. Kg2
gxf3+ 28. Nxf3 Qh3# 0-1

[Event "9.Open Internacional de Sants"]
[Site "Barcelona ESP"]
[Date "2007.08.24"]
[Round "1.17"]
[White "Karlsson, Lars"]
[Black "Fabregas Fontanet, Antonio"]
[Result "1-0"]
[WhiteElo "2493"]
[BlackElo "2045"]
[PlyCount "63"]
[EventDate "2007.08.24"]
[EventType "swiss"]
[EventRounds "10"]
[EventCountry "ESP"]
[Source "lmi"]
[SourceDate "2007.08.24"]

1. c4 g6 2. Nc3 Bg7 3. g3 e5 4. Bg2 Ne7 5. e4 Nbc6 6. Nge2 d6 7. d3 Bg4 8. h3
Be6 9. Nd5 O-O 10. O-O Qd7 11. Kh2 Rab8 12. Be3 a6 13. Rc1 f5 14. Qd2 Rf7 15.
f4 Nd4 16. Nxd4 exd4 17. Bf2 fxe4 18. dxe4 c5 19. b4 Nc6 20. bxc5 dxc5 21. g4
Bf8 22. Bg3 Bd6 23. e5 Be7 24. f5 gxf5 25. gxf5 Rxf5 26. Rxf5 Bxf5 27. e6 Qd8
28. Nxe7+ Nxe7 29. Qg5+ Bg6 30. Be5 Nc6 31. e7 Nxe7 32. Rf1 1-0

[Event "9.Open Internacional de Sants"]
[Site "Barcelona ESP"]
[Date "2007.08.24"]
[Round "1.18"]
[White "Abad Sanmartin, Jorge"]
[Black "Lapshun, Yury"]
[Result "0-1"]
[WhiteElo "2045"]
[BlackElo "2479"]
[PlyCount "32"]
[EventDate "2007.08.24"]
[EventType "swiss"]
[EventRounds "10"]
[EventCountry "ESP"]
[Source "lmi"]
[SourceDate "2007.08.24"]

1. d4 g6 2. Nf3 Nf6 3. g3 c5 4. c3 b6 5. Bg2 Bb7 6. dxc5 bxc5 7. O-O Bg7 8. Be3
d6 9. Qb3 Qb6 10. Nbd2 O-O 11. Nc4 Qc7 12. Qc2 Nbd7 13. Qd2 Rab8 14. b4 cxb4
15. Bxa7 Ra8 16. Qd4 Nd5 0-1

[Event "9.Open Internacional de Sants"]
[Site "Barcelona ESP"]
[Date "2007.08.24"]
[Round "1.22"]
[White "Delaney, Killian"]
[Black "Salgado Lopez, Ivan"]
[Result "0-1"]
[WhiteElo "2037"]
[BlackElo "2456"]
[PlyCount "110"]
[EventDate "2007.08.24"]
[EventType "swiss"]
[EventRounds "10"]
[EventCountry "ESP"]
[Source "lmi"]
[SourceDate "2007.08.24"]

1. e4 c5 2. c3 Nf6 3. e5 Nd5 4. d4 cxd4 5. Nf3 d6 6. cxd4 Nc6 7. Bc4 Nb6 8. Bb3
dxe5 9. d5 Na5 10. Nc3 Nxb3 11. Qxb3 f6 12. Be3 Bd7 13. a4 Nc8 14. Qxb7 Nd6 15.
Qa6 Qb8 16. O-O g6 17. Rfc1 Bg7 18. Bc5 Bh6 19. Re1 Qb7 20. Qe2 Kf7 21. Bxd6
exd6 22. Ne4 Qb4 23. Qc4 Qxc4 24. Nxd6+ Ke7 25. Nxc4 Rhc8 26. b3 Rab8 27. Rab1
Bf5 28. Rbd1 Bc2 29. d6+ Kf7 30. Ncxe5+ fxe5 31. Nxe5+ Kg7 32. d7 Rd8 33. Nc6
Bxd1 34. Nxb8 Bg5 35. Re8 Bxb3 36. Rxd8 Bxd8 37. Nc6 Bxa4 38. Nxd8 Bxd7 39. Kf1
Kf6 40. Ke2 Ke7 41. Nb7 Bc6 42. Nc5 Bxg2 43. h4 Kd6 44. Nd3 Be4 45. Nf4 Ke5 46.
Ke3 a5 47. f3 Bf5 48. Ne2 Bd7 49. Ng3 h5 50. Ne4 a4 51. Nd2 Be6 52. Nb1 Bf5 53.
f4+ Kf6 54. Na3 Bd7 55. Kf3 Bc6+ 0-1

[Event "9.Open Internacional de Sants"]
[Site "Barcelona ESP"]
[Date "2007.08.24"]
[Round "1.27"]
[White "Vila Gazquez, Javier"]
[Black "Tardio Fran, Emilio"]
[Result "1-0"]
[WhiteElo "2429"]
[BlackElo "2030"]
[PlyCount "53"]
[EventDate "2007.08.24"]
[EventType "swiss"]
[EventRounds "10"]
[EventCountry "ESP"]
[Source "lmi"]
[SourceDate "2007.08.24"]

1. e4 a6 2. d4 b5 3. Nf3 e6 4. Bd3 Bb7 5. O-O Nf6 6. Re1 c5 7. c3 h6 8. a4 b4
9. e5 c4 10. Bxc4 Nd5 11. Bf1 bxc3 12. bxc3 Qa5 13. Bd2 Qc7 14. Qb3 Nc6 15. c4
Ndb4 16. c5 a5 17. Na3 f6 18. exf6 gxf6 19. Nb5 Qb8 20. Rxe6+ Kd8 21. Rxf6 Be7
22. Rg6 Rf8 23. Rg8 d5 24. cxd6 Bxd6 25. Bxh6 Kd7 26. Bxf8 Bxf8 27. Qf7+ 1-0

[Event "9.Open Internacional de Sants"]
[Site "Barcelona ESP"]
[Date "2007.08.25"]
[Round "2.1"]
[White "Martin Grillo, Ruben"]
[Black "Shengelia, Davit"]
[Result "0-1"]
[WhiteElo "2203"]
[BlackElo "2572"]
[PlyCount "72"]
[EventDate "2007.08.24"]
[EventType "swiss"]
[EventRounds "10"]
[EventCountry "ESP"]
[Source "lmi"]
[SourceDate "2007.08.24"]

1. e4 c5 2. Nf3 d6 3. d4 cxd4 4. Nxd4 Nf6 5. Nc3 a6 6. Be2 e6 7. Be3 Be7 8. O-O
O-O 9. a4 Nc6 10. Nb3 b6 11. f4 Bb7 12. Bf3 Qc7 13. Qe2 Rab8 14. Rad1 Nb4 15.
Kh1 Rfc8 16. Qf2 Ba8 17. Rd2 d5 18. exd5 Nbxd5 19. Nxd5 Nxd5 20. f5 Nxe3 21.
Qxe3 exf5 22. Bxa8 Rxa8 23. Rxf5 Bf6 24. c3 Qc4 25. Nd4 Re8 26. Qg3 Qxa4 27. h3
Qa1+ 28. Kh2 Re1 29. Qf3 Rae8 30. Rf2 Rh1+ 31. Kg3 Qe1 32. Qc6 Qe3+ 33. R2f3
Rxh3+ 34. gxh3 Qg1+ 35. Kf4 g5+ 36. Rxg5+ Qxg5# 0-1

[Event "9.Open Internacional de Sants"]
[Site "Barcelona ESP"]
[Date "2007.08.25"]
[Round "2.3"]
[White "Lacasta Palacios, Joaquim"]
[Black "Moskalenko, Viktor"]
[Result "0-1"]
[WhiteElo "2200"]
[BlackElo "2560"]
[PlyCount "76"]
[EventDate "2007.08.24"]
[EventType "swiss"]
[EventRounds "10"]
[EventCountry "ESP"]
[Source "lmi"]
[SourceDate "2007.08.24"]

1. d4 Nf6 2. Nc3 d5 3. Bg5 e6 4. e3 Nbd7 5. Nf3 Be7 6. Bd3 c5 7. O-O c4 8. Be2
a6 9. a4 b6 10. Ne5 Nxe5 11. dxe5 Ng8 12. Bxe7 Nxe7 13. Bg4 h5 14. Bh3 g5 15.
g3 Qc7 16. e4 Bb7 17. exd5 Nxd5 18. Nxd5 Bxd5 19. Qe2 Qc6 20. f3 O-O-O 21. Qf2
Kb7 22. a5 b5 23. c3 Qc7 24. Qe3 Rhg8 25. Bg2 Bc6 26. Rfd1 Rd5 27. Rxd5 Bxd5
28. Kf2 Kb8 29. Qd4 Bb7 30. Rd1 Qxa5 31. Qd7 Qc7 32. Qxc7+ Kxc7 33. Ke3 Bd5 34.
Bf1 Kb6 35. Be2 Kc5 36. Rd4 a5 37. h4 b4 38. hxg5 Rxg5 0-1

[Event "9.Open Internacional de Sants"]
[Site "Barcelona ESP"]
[Date "2007.08.25"]
[Round "2.4"]
[White "Narciso Dublan, Marc"]
[Black "Aoiz Linares, Jose Javier"]
[Result "1-0"]
[WhiteElo "2552"]
[BlackElo "2200"]
[PlyCount "59"]
[EventDate "2007.08.24"]
[EventType "swiss"]
[EventRounds "10"]
[EventCountry "ESP"]
[Source "lmi"]
[SourceDate "2007.08.24"]

1. c4 Nf6 2. Nc3 e6 3. e4 d6 4. d4 c5 5. dxc5 Qa5 6. Bd3 dxc5 7. e5 Nfd7 8. f4
Nc6 9. Nf3 a6 10. O-O Be7 11. Ne4 Qc7 12. Bb1 O-O 13. Qc2 Nb4 14. Qe2 b5 15. a3
Nc6 16. Rd1 Nd4 17. Nxd4 cxd4 18. Rxd4 Nc5 19. Be3 Bb7 20. Nd6 g6 21. Ba2 Bc6
22. Rc1 bxc4 23. Rdxc4 Bb5 24. Nxb5 axb5 25. R4c2 Rfc8 26. Qxb5 Rcb8 27. Qe2
Qb6 28. Qf2 Nd3 29. Bxb6 Nxf2 30. Bxf2 1-0

[Event "9.Open Internacional de Sants"]
[Site "Barcelona ESP"]
[Date "2007.08.25"]
[Round "2.5"]
[White "Sanchez Criado, Lluis"]
[Black "Gonzalez Garcia, Jose"]
[Result "0-1"]
[WhiteElo "2199"]
[BlackElo "2540"]
[PlyCount "58"]
[EventDate "2007.08.24"]
[EventType "swiss"]
[EventRounds "10"]
[EventCountry "ESP"]
[Source "lmi"]
[SourceDate "2007.08.24"]

1. d4 Nf6 2. c4 e6 3. Nf3 c5 4. e3 a6 5. Nc3 d5 6. a4 Nc6 7. Be2 dxc4 8. Bxc4
Qc7 9. O-O Bd6 10. Qe2 O-O 11. dxc5 Bxc5 12. e4 Ng4 13. g3 Bd7 14. Bf4 e5 15.
Bg5 h6 16. Nd5 Qd6 17. Be3 Nxe3 18. Nxe3 Nd4 19. Nxd4 exd4 20. Ng2 Rae8 21. Qd3
Kh8 22. Rfd1 f5 23. f3 fxe4 24. fxe4 Bg4 25. Rf1 Be2 26. Rxf8+ Rxf8 27. Qb3 d3+
28. Kh1 Qf6 29. h4 Qf2 0-1

[Event "9.Open Internacional de Sants"]
[Site "Barcelona ESP"]
[Date "2007.08.25"]
[Round "2.6"]
[White "Sulskis, Sarunas"]
[Black "Alvarado, Carlos"]
[Result "1-0"]
[WhiteElo "2537"]
[BlackElo "2191"]
[PlyCount "45"]
[EventDate "2007.08.24"]
[EventType "swiss"]
[EventRounds "10"]
[EventCountry "ESP"]
[Source "lmi"]
[SourceDate "2007.08.24"]

1. e4 c5 2. Nf3 Nc6 3. Bb5 Qb6 4. Nc3 e6 5. Bxc6 Qxc6 6. d4 cxd4 7. Qxd4 Nf6 8.
e5 Bc5 9. Qd3 Ng4 10. Ne4 b6 11. h3 Ba6 12. c4 Bb4+ 13. Bd2 Bxc4 14. Qd4 d5 15.
Bxb4 dxe4 16. Nd2 e3 17. Nxc4 exf2+ 18. Kd2 Qxg2 19. Raf1 Nh2 20. Rxh2 Qxf1 21.
Nd6+ Kf8 22. Nf5+ Kg8 23. Nh6+ 1-0

[Event "9.Open Internacional de Sants"]
[Site "Barcelona ESP"]
[Date "2007.08.25"]
[Round "2.7"]
[White "Pellus Ruiz, Josep"]
[Black "Pinter, Jozsef"]
[Result "0-1"]
[WhiteElo "2191"]
[BlackElo "2535"]
[PlyCount "52"]
[EventDate "2007.08.24"]
[EventType "swiss"]
[EventRounds "10"]
[EventCountry "ESP"]
[Source "lmi"]
[SourceDate "2007.08.24"]

1. c4 Nf6 2. g3 c6 3. Bg2 d5 4. d4 Bf5 5. Nf3 e6 6. O-O Nbd7 7. b3 Bd6 8. Bb2
O-O 9. Nc3 Qe7 10. Nh4 Bg4 11. h3 Bh5 12. Qd2 a6 13. Rfe1 Rad8 14. e4 Nxe4 15.
Nxe4 dxe4 16. Rxe4 f5 17. Nxf5 Rxf5 18. g4 Nf6 19. gxf5 Nxe4 20. Bxe4 exf5 21.
Bxf5 Qf6 22. Be4 Re8 23. d5 Bf4 24. Qc2 Qg5+ 25. Kf1 Bh2 26. Bg2 Be2+ 0-1

[Event "9.Open Internacional de Sants"]
[Site "Barcelona ESP"]
[Date "2007.08.25"]
[Round "2.8"]
[White "Marin, Mihail"]
[Black "Eckersley Waites, Tom"]
[Result "1-0"]
[WhiteElo "2533"]
[BlackElo "2186"]
[PlyCount "59"]
[EventDate "2007.08.24"]
[EventType "swiss"]
[EventRounds "10"]
[EventCountry "ESP"]
[Source "lmi"]
[SourceDate "2007.08.24"]

1. c4 b6 2. Nf3 Bb7 3. g3 Bxf3 4. exf3 c5 5. d4 cxd4 6. Qxd4 Nc6 7. Qd2 g6 8.
Nc3 Bg7 9. Bg2 Rc8 10. b3 Nh6 11. h4 Nf5 12. h5 b5 13. Bb2 bxc4 14. g4 Nb4 15.
O-O Nd3 16. gxf5 Nxb2 17. Qxb2 Qa5 18. Rac1 Qxf5 19. bxc4 gxh5 20. Qb7 O-O 21.
Nd5 Rce8 22. Rfe1 h4 23. Nxe7+ Rxe7 24. Rxe7 h3 25. Qe4 Qh5 26. Re1 hxg2 27.
Kxg2 d6 28. Rxa7 f5 29. Qd5+ Kh8 30. Ra8 1-0

[Event "9.Open Internacional de Sants"]
[Site "Barcelona ESP"]
[Date "2007.08.25"]
[Round "2.10"]
[White "Cuartas, Jaime Alexander"]
[Black "Kalaitzoglou, Panayotis"]
[Result "0-1"]
[WhiteElo "2504"]
[BlackElo "2181"]
[PlyCount "72"]
[EventDate "2007.08.24"]
[EventType "swiss"]
[EventRounds "10"]
[EventCountry "ESP"]
[Source "lmi"]
[SourceDate "2007.08.24"]

1. e4 e5 2. Nf3 Nc6 3. Bb5 a6 4. Ba4 Nf6 5. O-O b5 6. Bb3 Bb7 7. d3 Bc5 8. Be3
d6 9. Nc3 Bxe3 10. fxe3 Na5 11. Qe1 Nxb3 12. axb3 c5 13. Nh4 O-O 14. h3 d5 15.
exd5 Nxd5 16. Nf5 Ne7 17. Nh4 f5 18. Qg3 Qd6 19. Rae1 Rae8 20. Re2 Rf6 21. Ref2
Ref8 22. Ne2 h6 23. Qh2 g5 24. Nf3 f4 25. e4 Bc8 26. Kh1 Kf7 27. g4 Ke8 28. Qg1
Rh8 29. Rh2 Rg6 30. Rff2 Ng8 31. Rfg2 Nf6 32. Qe1 b4 33. Qg1 Kd8 34. c3 a5 35.
d4 Nxe4 36. Qe1 Bb7 0-1

[Event "9.Open Internacional de Sants"]
[Site "Barcelona ESP"]
[Date "2007.08.25"]
[Round "2.11"]
[White "Palacin Martin, Ricard"]
[Black "Almeida Quintana, Omar"]
[Result "0-1"]
[WhiteElo "2188"]
[BlackElo "2501"]
[PlyCount "94"]
[EventDate "2007.08.24"]
[EventType "swiss"]
[EventRounds "10"]
[EventCountry "ESP"]
[Source "lmi"]
[SourceDate "2007.08.24"]

1. e4 c5 2. g3 Nc6 3. Bg2 g6 4. d3 Bg7 5. f4 d6 6. Nf3 e6 7. O-O Nge7 8. c3 O-O
9. Be3 b6 10. Bf2 Ba6 11. Re1 Qd7 12. d4 cxd4 13. cxd4 Nb4 14. Bf1 Bxf1 15.
Rxf1 f5 16. e5 dxe5 17. dxe5 Qxd1 18. Rxd1 Nc2 19. Nc3 Nxa1 20. Rxa1 h6 21. Nb5
Nd5 22. Nfd4 Rfe8 23. Nd6 Re7 24. Rc1 Bf8 25. N4b5 Rd7 26. Nc8 g5 27. fxg5 hxg5
28. a3 Bg7 29. Bd4 a6 30. Nbd6 b5 31. Rc5 Rb8 32. b4 Kh7 33. Rc6 Rc7 34. Rxa6
Rcxc8 35. Nxc8 Rxc8 36. Rxe6 Rc1+ 37. Kf2 Rc2+ 38. Ke1 Rc4 39. Bb2 Re4+ 40. Kd2
Ne3 41. Kd3 Nc4 42. Bd4 Nxe5+ 43. Kc3 Nc4 44. Rxe4 fxe4 45. Bxg7 Kxg7 46. h4 e3
47. Kd3 Kg6 0-1

[Event "9.Open Internacional de Sants"]
[Site "Barcelona ESP"]
[Date "2007.08.25"]
[Round "2.13"]
[White "Fluvia Poyatos, Jordi"]
[Black "Castaner Halster, Xavier"]
[Result "1-0"]
[WhiteElo "2495"]
[BlackElo "2171"]
[PlyCount "43"]
[EventDate "2007.08.24"]
[EventType "swiss"]
[EventRounds "10"]
[EventCountry "ESP"]
[Source "lmi"]
[SourceDate "2007.08.24"]

1. e4 c5 2. Nf3 e6 3. d4 cxd4 4. Nxd4 a6 5. Bd3 Nf6 6. O-O d6 7. c4 g6 8. Nc3
Bg7 9. Qe2 O-O 10. Rd1 Nbd7 11. Nf3 Qc7 12. Bf4 b6 13. Bc2 Ne5 14. Nxe5 dxe5
15. Be3 Bb7 16. Na4 Nxe4 17. Bxb6 Qc6 18. f3 Nd6 19. c5 Nb5 20. Be4 Qc8 21. c6
Bxc6 22. Rac1 1-0